000 00312nam a22001337a 4500
008 181206b xxu||||| |||| 00| 0 eng d
020 _a0716714019
041 _aeng
080 _22nd
_a541
100 _a12
101 _aKIM
245 _aSolutions Manual for Physical Chemistry
_cAtkins,P.W
942 _2udc
_cBK
999 _c52946
_d52946